| 000 | 00786nam a22001937a 4500 | ||
|---|---|---|---|
| 001 | 121328 | ||
| 008 | 230124s2022 |||||o|||| 00| 0 eng d | ||
| 110 |
_91530 _aKnight Frank |
||
| 245 |
_aUK Quarterly CRE Review _c[Electronic resource] |
||
| 260 |
_bKnight Frank, _cNovember 2022 |
||
| 520 | _aThe UK Quarterly CRE Review outlines the key occupier and investment trends across the different sectors within commercial real estate. | ||
| 650 | _aCommercial Property | ||
| 650 | _aMarket Data | ||
| 651 | _aUnited Kingdom | ||
| 690 |
_96227 _aCommercial property |
||
| 700 | _aHaralambous, Antonia | ||
| 710 |
_91530 _aKnight Frank |
||
| 856 |
_uhttps://content.knightfrank.com/research/2588/documents/en/uk-cre-quarterly-review-november-2022-9547.pdf _zAvailable on knightfrank.com |
||
| 999 |
_c121328 _d121328 |
||